El estudio independiente

Guardado en:
Detalles Bibliográficos
Autores principales: Hatch, Winslow R (Autor), Bennet, Ann (Autor)
Formato: Libro
Lenguaje:español
Publicado: Ciudad de México Centro Regional de Ayuda Técnica 1972
Colección:Nuevos Horizontes en la Enseñanza Superior, 1
Materias:
Etiquetas: Agregar Etiqueta
Sin Etiquetas, Sea el primero en etiquetar este registro!

MARC

LEADER 00000nam a2200000 a 4500
001 UCZ8475
003 CL-VaPUC
008 960121e19720000MX |||||||||||||||||spa|d
082 0 4 |a 371.394  |b HAT  |2 21 
100 |a Hatch, Winslow R  |e author  |9 353759 
700 0 |a Bennet, Ann  |e author  |9 353760 
245 1 3 |a El estudio independiente 
300 |a 34 p 
942 |c BK 
945 |d 19960121 00:00:00  |a cmena 
260 |a Ciudad de México  |b Centro Regional de Ayuda Técnica  |c 1972 
650 0 |a Métodos de aprendizaje  |9 334464 
650 0 |a Métodos de estudio  |9 260518 
650 7 |a METODOS AUTODIDACTICOS  |2 CL-VaPUC  |9 353761 
650 7 |a ESTUDIOS INDIVIDUALES  |2 CL-VaPUC  |9 353762 
650 0 |a Universidades  |9 256317 
650 0 |a Estudiantes universitarios  |9 334744 
583 |a last modification  |c 19960121 00:00:00  |k Rodrigo Vera 
490 0 |a Nuevos Horizontes en la Enseñanza Superior, 1 
999 |c 244365  |d 244363 
952 |0 0  |1 0  |4 0  |6 371_394000000000000_HAT_1972  |7 0  |8 P  |9 258403  |a BIBEDU  |b BIBEDU  |c BIBEDU_PB  |d 2019-11-19  |i 1617133  |o 371.394 HAT 1972  |p 1617133  |r 2024-01-25  |w 2019-11-19  |y BK  |k EDU 
952 |0 0  |1 0  |4 0  |6 371_394000000000000_HAT_1972  |7 0  |8 P  |9 258404  |a BIBEDU  |b BIBEDU  |c BIBEDU_PB  |d 2019-11-19  |i 1629352  |o 371.394 HAT 1972  |p 1629352  |r 2024-01-25  |w 2019-11-19  |y BK  |k EDU